000 01000nam-a2200229-a-4500
001 YSU0147710
003 AM-YeHGA
005 20250617161255.0
008 990720s1969 xxu 000 0 rus u
040 _aAM-YeHGA
100 1 0 _aБарон, Лазарь Израилевич
245 1 0 _aРазрушение горных пород проходческими комбайнами :
_bРазрушение шарошками /
_cЛ.И. Барон, Л.Б. Глатман, С.Л. Загорский
260 0 _aМосква :
_bНаука ,
_c1969.
300 _a152 с.
550 _aИн-т горного дела им. А.А. Скочинского АН СССР
650 4 _aГорное дело
650 4 _aГорные породы
700 1 _aГлатман, Леопольд Борисович
700 1 _aЗагорский, Сергей Львович
710 2 _aИн-т горного дела им. А.А. Скочинского АН СССР
090 _c471722
999 _c468481
_d468481